<?xml version="1.0" encoding="UTF-8"?>
<record
    xmlns:xsi="http://www.w3.org/2001/XMLSchema-instance"
    xsi:schemaLocation="http://www.loc.gov/MARC21/slim http://www.loc.gov/standards/marcxml/schema/MARC21slim.xsd"
    xmlns="http://www.loc.gov/MARC21/slim">

  <leader>00490nam a2200181   4500</leader>
  <controlfield tag="001">44096</controlfield>
  <datafield tag="090" ind1=" " ind2=" ">
    <subfield code="a">44096</subfield>
  </datafield>
  <datafield tag="100" ind1=" " ind2=" ">
    <subfield code="a">20250113              pory50       </subfield>
  </datafield>
  <datafield tag="101" ind1=" " ind2=" ">
    <subfield code="a">por</subfield>
  </datafield>
  <datafield tag="102" ind1=" " ind2=" ">
    <subfield code="a">PT</subfield>
  </datafield>
  <datafield tag="200" ind1=" " ind2=" ">
    <subfield code="a">Cinderela</subfield>
    <subfield code="g">realiz e coord. EDITEC</subfield>
    <subfield code="g">trad. Rita Bruno</subfield>
  </datafield>
  <datafield tag="210" ind1=" " ind2=" ">
    <subfield code="a">Barcelona</subfield>
    <subfield code="c">RBA </subfield>
    <subfield code="d">[cop. 2004]</subfield>
  </datafield>
  <datafield tag="215" ind1=" " ind2=" ">
    <subfield code="a">25 p.</subfield>
    <subfield code="c">il.</subfield>
  </datafield>
  <datafield tag="225" ind1=" " ind2=" ">
    <subfield code="a">Os teus contos cl&#xE1;ssicos</subfield>
  </datafield>
  <datafield tag="317" ind1=" " ind2=" ">
    <subfield code="a">doa&#xE7;&#xE3;o an&#xF3;nima para a Biblioteca do Centro Escolar de Montoito</subfield>
  </datafield>
  <datafield tag="675" ind1=" " ind2=" ">
    <subfield code="a">82-93</subfield>
  </datafield>
  <datafield tag="801" ind1=" " ind2=" ">
    <subfield code="a">PT</subfield>
    <subfield code="g">RPC</subfield>
  </datafield>
  <datafield tag="990" ind1=" " ind2=" ">
    <subfield code="c">LIVROS</subfield>
  </datafield>
  <datafield tag="995" ind1=" " ind2=" ">
    <subfield code="1">0</subfield>
    <subfield code="9">71433</subfield>
    <subfield code="b">BCEM</subfield>
    <subfield code="c">BCEM</subfield>
    <subfield code="f">80663</subfield>
    <subfield code="k">82-93 AA.VV. LIT. INF. JUV.</subfield>
    <subfield code="o">0</subfield>
    <subfield code="r">LIVROS</subfield>
    <subfield code="u">doa&#xE7;&#xE3;o an&#xF3;nima para a Biblioteca do Centro Escolar de Montoito</subfield>
  </datafield>
</record>
